Technické zhodnotenie osobných dopravných prostriedkov

O technickom zhodnotení hmotného a nehmotného majetku podľa najnovšieho zákona o daniach z príjmov. Technické zhodnotenie vozidla, ktoré je vo vlastníctve daňovníka - príklad. Technické zhodnotenie vozidla, ktoré nie je vo vlastníctve daňovníka.

Na minha lista:
Detalhes bibliográficos
Autor principal: Salanciová, Darina
Formato: Capítulo de Livro
Idioma:eslovaco
Assuntos:
Tags: Adicionar Tag
Sem tags, seja o primeiro a adicionar uma tag!

MARC

LEADER 00000naa a2200000 4500
001 r048855
005 20231002123912.7
041 0 |a slo 
044 |a SK 
245 1 0 |a Technické zhodnotenie osobných dopravných prostriedkov  |c Darina Salanciová 
520 |a O technickom zhodnotení hmotného a nehmotného majetku podľa najnovšieho zákona o daniach z príjmov. Technické zhodnotenie vozidla, ktoré je vo vlastníctve daňovníka - príklad. Technické zhodnotenie vozidla, ktoré nie je vo vlastníctve daňovníka. 
610 2 0 |a odpisy 
610 2 0 |a odpisy daňové 
610 2 0 |a automobily osobné 
610 2 0 |a zhodnotenie majetku 
610 2 0 |a majetok hmotný 
610 2 0 |a majetok nehmotný 
610 2 0 |a úpravy právne 
100 1 |a Salanciová, Darina